Conserving southern longleaf Herbert Stoddard and the rise of ecological land management /

Պահպանված է:
Մատենագիտական մանրամասներ
Հիմնական հեղինակ: Way, Albert G.
Համատեղ հեղինակ: ebrary, Inc
Ձևաչափ: Էլեկտրոնային էլ․ գիրք
Լեզու:անգլերեն
Հրապարակվել է: Athens : University of Georgia Press, c2011.
Շարք:Environmental history and the American South.
Խորագրեր:
Առցանց հասանելիություն:An electronic book accessible through the World Wide Web; click to view
Ցուցիչներ: Ավելացրեք ցուցիչ
Չկան պիտակներ, Եղեք առաջինը, ով նշում է այս գրառումը!

MARC

LEADER 00000nam a2200000 a 4500
001 0000140064
005 20171002061632.0
006 m u
007 cr cn|||||||||
008 110413s2011 gauab sb 001 0 eng d
010 |z  2011010450 
020 |z 9780820334660 (hardcover : alk. paper) 
020 |z 0820334669 (hardcover : alk. paper) 
020 |z 9780820340173 (pbk. : alk. paper) 
020 |z 0820340170 (pbk. : alk. paper) 
020 |z 9780820341293 (e-book) 
035 |a (CaPaEBR)ebr10498986 
035 |a (OCoLC)754401703 
040 |a CaPaEBR  |c CaPaEBR 
043 |a n-us-fl  |a n-us-ga 
050 1 4 |a SD397.P59  |b W39 2011eb 
082 0 4 |a 634.9/2  |2 22 
100 1 |a Way, Albert G. 
245 1 0 |a Conserving southern longleaf  |h [electronic resource] :  |b Herbert Stoddard and the rise of ecological land management /  |c Albert G. Way. 
260 |a Athens :  |b University of Georgia Press,  |c c2011. 
300 |a xx, 300 p. :  |b ill., map. 
490 1 |a Environmental history and the American South 
504 |a Includes bibliographical references and index. 
533 |a Electronic reproduction.  |b Palo Alto, Calif. :  |c ebrary,  |d 2013.  |n Available via World Wide Web.  |n Access may be limited to ebrary affiliated libraries. 
600 1 0 |a Stoddard, Herbert L. 
650 0 |a Longleaf pine  |x Conservation  |z Red Hills (Fla. and Ga.) 
650 0 |a Forest management  |z Red Hills (Fla. and Ga.) 
655 7 |a Electronic books.  |2 local 
710 2 |a ebrary, Inc. 
830 0 |a Environmental history and the American South. 
856 4 0 |u http://site.ebrary.com/lib/daystar/Doc?id=10498986  |z An electronic book accessible through the World Wide Web; click to view 
908 |a 170314 
942 0 0 |c EB 
999 |c 129213  |d 129213